Qualidade total na prática (Record no. 130923)

MARC details
000 -LÍDER
campo de controle de tamanho fixo 00673 a2200193 4500
001 - NÚMERO DE CONTROLE
campo de controle 130923
020 ## - ISBN - INTERNATIONAL STANDARD BOOK NUMBER
ISBN - International Standard Book Number 85-224-1748-2
040 ## - FONTE DA CATALOGAÇÃO
Instituição que transcreveu o registro Leonardo Da Vinci
041 ## - CÓDIGO DE IDIOMA
Código do idioma do texto/trilha sonora ou título diferente Português
082 ## - CDD - CLASSIFICAÇÃO DECIMAL DE DEWEY
Número de Classificação 658.4013 P177q
Número do exemplar P177q
100 ## - ENTRADA PRINCIPAL--NOME PESSOAL
Nome pessoal PALADINI, Edson Pacheco
245 ## - TÍTULO
Título Qualidade total na prática
Restante do título implantação e avaliação de sistemas de qualidade total
250 ## - EDIÇÃO
Edição 2.ed
260 ## - PUBLICAÇÃO, DISTRIBUIÇÃO, ETC.
Nome do editor, distribuidor, etc. Atlas
Data da publicação, distribuição, etc. 1997
Local de publicação, distribuição, etc. São Paulo
300 ## - DESCRIÇÃO FÍSICA
Extensão 217
362 ## - DATAS DE PUBLICAÇÃO E/OU DESIGNAÇÃO SEQUENCIAL
Datas de publicação e/ou designação sequencial 19970000
697 ## - ENTRADA DE ASSUNTO LOCAL--ENTIDADE COLETIVA (RLIN)
Nome corporativo ou nome da jurisdição Administração
-- Comportamento organizacional
-- Aprendizagem organizacional
-- Qualidade
-- Qualidade organizacional
-- Qualidade total
-- Controle de qualidade
-- Cliente
-- Implantação
-- FIPEN
942 ## - ELEMENTOS DE ENTRADA ADICIONADOS (KOHA)
Tipo de material Koha Livros
Holdings
Situação do descarte Situação das perdas Situação física Não pode ser emprestado Biblioteca de origem Biblioteca atual Data de aquisição Total de empréstimos Número de chamada completo Código de barras Data de último acesso Data do preço efetivo Tipo de material Koha
        Leonardo Da Vinci - Osasco Leonardo Da Vinci - Osasco 27/03/2024   658.4013 P177q O000449 27/03/2024 27/03/2024 Livros